Ancient Egypt the new kingdom and the Amarna period
محفوظ في:
المؤلف الرئيسي:
مؤلفون آخرون:
التنسيق: كتاب
اللغة: Undetermined
منشور في:
london
The oldbourne
1960
سلاسل:
Acanthus history of sculpture
الوسوم: إضافة وسم
لا توجد وسوم, كن أول من يضع وسما على هذه التسجيلة!
رقم الطلب: (O.S) NB 75 .D4
| LEADER | 00612nam a2200157Ia 4500 | ||
|---|---|---|---|
| 008 | 221002s9999||||xx |||||||||||||| ||und|| | ||
| 050 | 4 | |a (O.S) NB 75 .D4 | |
| 100 | 1 | |a Christiane Desroches-Noblecourt | |
| 245 | 1 | 0 | |a Ancient Egypt |b the new kingdom and the Amarna period |
| 264 | 1 | |a london |b The oldbourne |c 1960 | |
| 300 | |a xv p |b 33 unnumbered pages of plates : illustrations |c 38 cm. | ||
| 490 | 0 | |a Acanthus history of sculpture | |
| 700 | 1 | |a F. L. Kenett | |
| 942 | |2 lcc |c BK | ||
| 952 | |0 0 |1 0 |2 lcc |4 0 |7 1 |9 43055 |a ARCE |b ARCE |d 2022-10-02 |l 0 |o (O.S) NB 75 .D4 |p 1033191 |r 2022-10-02 00:00:00 |w 2022-10-02 |y BK | ||
| 999 | |c 49611 |d 49611 | ||
